Rayas. Método de enseñanza de la lectura y la escritura. Segunda parte.

Gespeichert in:
Bibliographische Detailangaben
1. Verfasser: Rodríguez Álvarez, Ángel
Format: Buch
Sprache:Spanisch
Erschienen: Plasencia Sánchez Rodrigo 1972
Katalog:MANES:  Suchergebnis im Bibliothekskatalog
Schulbuchspezifische Eigenschaften:
Tags: Tag hinzufügen
Keine Tags, Fügen Sie den ersten Tag hinzu!
Hinzugefügt zu:26.10.2020
Geändert in:07.05.2025

MARC

LEADER 00000nam a22000007a 4500
005 20250507133403.0
008 201027b ||||| |||| 00| 0 spa d
561 |5 es-CICE  |3 FMa/EL217  |a España. Centro Internacional de la Cultura Escolar  |k MANES 
999 |c 89021  |d 89021 
040 |a centro_manes  |c Centro_internacional de la cultura escolar 
100 |9 23900  |a Rodríguez Álvarez, Ángel 
245 |a Rayas. Método de enseñanza de la lectura y la escritura. Segunda parte. 
260 |a Plasencia  |b Sánchez Rodrigo  |c 1972 
300 |a 62 p.  |c 21.5x15.5 cm 
500 |a Contiene ilustraciones a color 
546 |a España 
690 0 |a EyL 
691 0 |a PRI 
942 |2 ddc  |c BK 
999 |c manes:89021  |d 89021